01297nam a22003137a 4500003000400000005001700004008004100021040002200062082001800084100002500102245003000127260006000157300002100217366000800238490004600246505002600292505020500318505002500523505003000548505002800578650005500606650004700661650004800708650004300756650004500799650005600844650004700900700003600947OSt20230622125629.0221006b        |||||||| |||| 00| 0 eng d  cBiblioteca Lado V  a709.05bG851a  aGriffin, Timeeditor  aArtforum/bInternacional/  aNew Yorkc1993bNew York editorial and business offices  c26.5x27cma230p.  eeng  aSEPTEMBERv1993vSPECIAL ISSUEx0864-1315  tArtforum Contributors  tARTFORUM 62-72 . 117aARS LONGA, PECUNIA BREVIS

PHIL LEIDER, EDITOR

JOHN COPLANS: A CONVERSATION WITH PETER PLAGENS

LET SLIP THE DOGS OF WAR

CHARLES COWLES

THE PAGE WAS MY PARTY

YOURS FAITHFULLY  tSTATE OF THE ART 127  tCRITICAL REFLECTIONS 161
  tART FORUM 80 - 93 . 171  2Tesauro de Arte & ArquitecturaaARTE COMTEMPORANEO  2Tesauro de Arte & ArquitecturaaFOTOGRAFIA  2Tesauro de Arte & ArquitecturaaARTE VISUAL  2Tesauro de Arte & ArquitecturaaLIBROS  2Tesauro de Arte & ArquitecturaaNOTICIAS  2 Tesauro de Arte & ArquitecturaaARTE INTERNACIONAL  2 Tesauro de Arte & ArquitecturaaESCULTURA  aNavarreta, Jose Antonioeeditor